[Event "Tourn. n10032"]
[Site "www.echecsemail.com"]
[Date "2019.01.14"]
[Round "1"]
[White "Malbertan"]
[Black "Bojan"]
[WhiteElo "2000"]
[BlackElo "2020"]
[Result "0-1"]
[Round "1"]
1.e4 e5
2.f4 exf4
3.Ng1f3 f6
4.d4 d5
5.exd5 Qd8xd5
6.Nb1c3 Qd5e6
7.Bf1e2 g5
8.O-O Bc8d7
9.Rf1e1 Kd8
10.d5 Qe6f7
11.Nf3d4 h5
12.Nd4e6 Kc8
13.Ne6xf8 Qf7xf8
14.Be2xh5 a6
15.Bh5g4 f5
16.Bg4f3 g4
17.Bc1xf4 gxf3
18.Qd1xf3 Ng8f6
19.Ra1d1 a5
20.Bf4e5 Ra8a6
21.Nc3e2 Rh8g8
22.Be5xf6 Qf8xf6
23.Ne2d4 Ra6d6
24.c4 c5
25.Nd4e6 Bd7xe6
26.Re1xe6 Rd6xe6
27.dxe6 Qf6xe6
28.Rd1d5 Rg8g5
29.Rd5xc5 Nb8c6
30.h4 Qe6e1
31.Qf3f1 Qe1xh4
32.Qf1e2 Qh4d4
{ resign }
0-1

[Event "Match"]
[Site "www.echecsemail.com"]
[Date "2019.01.14"]
[Round "1"]
[White "Tonino1"]
[Black "Babedad"]
[WhiteElo "2240"]
[BlackElo "2250"]
[Result "0-1"]
[Round "1"]
1.d4 Ng8f6
2.Ng1f3 e6
3.e3 b6
4.Bf1d3 Bc8b7
5.Nb1d2 Bf8e7
6.O-O d6
7.c3 Nb8d7
8.Qd1e2 d5
9.e4 dxe4
10.Nd2xe4 Nf6xe4
11.Bd3xe4 Bb7xe4
12.Qe2xe4 Nd7f6
13.Qe4c6 Kf8
14.Bc1f4 Be7d6
15.Nf3e5 Qd8e8
16.Rf1e1 Qe8xc6
17.Ne5xc6 Bd6xf4
18.g3 Bf4d6
19.Ra1d1 Nf6d5
20.a3 Nd5e7
21.Nc6xe7 Bd6xe7
22.d5 Be7d6
23.dxe6 fxe6
24.Re1xe6 Kf7
25.Re6e3 Rh8e8
26.Rd1e1 Re8xe3
27.Re1xe3 Ra8e8
28.Re3xe8 Kxe8
29.f3 Kf7
30.g4 g5
31.h3 Bd6f4
32.b3 Ke6
33.Kf2 Kd5
 { time }
0-1

[Event "1/128 Finale"]
[Site "www.chess-mail.com"]
[Date "2019.01.14"]
[Round "1"]
[White "Telexmweene"]
[Black "Odin"]
[WhiteElo "1499"]
[BlackElo "1970"]
[Result "1-0"]
[Round "1"]
1.e4 e5
2.Ng1f3 Ng8f6
3.Nf3xe5 d6
4.Ne5f3 Nf6xe4
5.d4 c6
6.Bf1d3 d5
7.h3 Bc8f5
8.O-O Bf8d6
9.Rf1e1 O-O
10.Nb1d2 Rf8e8
11.Bd3xe4 dxe4
12.Nf3h2 Qd8h4
13.Nd2f3 Qh4d8
14.Nf3e5 h6
15.Ne5g4 Qd8c7
16.Nh2f1 Nb8d7
17.Bc1xh6 Bd6f4
18.Bh6xf4 Qc7b6
19.b3 Ra8d8
20.Nf1e3 Nd7c5
21.dxc5 Qb6xc5
22.Qd1c1 Rd8d7
23.Ne3xf5 Qc5xf5
24.Bf4e3 Qf5g6
25.Qc1b2 Qg6f5
26.Be3xa7 Qf5a5
27.Ba7d4 Qa5d2
28.Bd4c3 Qd2g5
29.Ng4e5 Rd7d5
30.Re1xe4 f6
31.Ne5f3 Qg5h5
32.Re4xe8 Qh5xe8
33.a4 Qe8d8
34.Qb2c1 Kf7
35.a5 Qd8d7
36.b4 c5
37.bxc5 Qd7b5
38.Ra1b1 Qb5xc5
39.Rb1xb7 Ke8
40.Bc3b4 Qc5c4
41.Qc1e1 Rd5e5
42.Nf3xe5 fxe5
43.Qe1xe5 Kd8
44.Qe5e7 { resign }
1-0

[Event "1/8 Finale"]
[Site "www.chess-mail.com"]
[Date "2019.01.14"]
[Round "1"]
[White "Asoka"]
[Black "Cvilhena1976"]
[WhiteElo "2690"]
[BlackElo "2270"]
[Result "1-0"]
[Round "1"]
1.e4 e5
2.Ng1f3 Nb8c6
3.Bf1b5 a6
4.Bb5xc6 dxc6
5.O-O Bc8g4
6.d3 Bf8d6
7.Bc1e3 Ng8f6
8.h3 Bg4h5
9.Nb1d2 O-O
10.Rf1e1 Nf6d7
11.Nd2f1 Qd8f6
12.g4 Bh5g6
13.Nf1g3 h6
14.Kg2 Rf8e8
15.g5 hxg5
16.Re1h1 a5
17.h4 gxh4
18.Rh1xh4 Qf6d8
19.Qd1h1 f6
20.Rh4g4 Nd7f8
21.Nf3h4 Bg6h7
22.Nh4f5 Bh7g6
23.Be3h6 Kf7
24.Nf5xg7 Bd6e7
25.Qh1h3 Qd8c8
26.Ng3f5 Re8d8
27.Ra1g1 Rd8d7
28.Kh1 Rd7d4
29.Rg4xg6 Nf8xg6
30.Qh3h5 Qc8xf5
31.Qh5xf5 Ng6f4
32.Bh6xf4 Ra8h8
33.Bf4h2 { resign }
1-0

[Event "1/128 Finale"]
[Site "www.chess-mail.com"]
[Date "2019.01.14"]
[Round "1"]
[White "Nevaeh"]
[Black "Bevittsmith"]
[WhiteElo "1809"]
[BlackElo "2250"]
[Result "1-0"]
[Round "1"]
1.d4 Ng8f6
2.Ng1f3 g6
3.g3 d5
4.Bf1g2 Bf8g7
5.O-O O-O
6.c4 dxc4
7.Nb1a3 c6
8.Na3xc4 Bc8e6
9.b3 Be6d5
10.Bc1b2 Nb8d7
11.Ra1c1 Qd8c7
12.Qd1c2 Rf8e8
13.Nc4d2 Bd5xf3
14.Nd2xf3 e5
15.dxe5 Nf6g4
16.h3 Ng4xe5
17.Nf3d4 Nd7b6
18.Nd4b5 Qc7e7
19.Bb2a3 { resign }
1-0

[Event "1/128 Finale"]
[Site "www.chess-mail.com"]
[Date "2019.01.14"]
[Round "1"]
[White "Polle"]
[Black "Huskarls"]
[WhiteElo "1809"]
[BlackElo "1809"]
[Result "0-1"]
[Round "1"]
1.e4 e6
2.d4 d5
3.exd5 exd5
4.Bf1d3 Nb8c6
5.c3 Bf8d6
6.Ng1f3 Ng8e7
7.Bc1g5 Bc8g4
8.Nb1d2 f6
9.Bg5h4 Qd8d7
 { time }
0-1

[Event "Tourn. n9977"]
[Site "www.echecsemail.com"]
[Date "2019.01.15"]
[Round "1"]
[White "Odin"]
[Black "Ditto"]
[WhiteElo "1970"]
[BlackElo "1860"]
[Result "1-0"]
[Round "1"]
1.e4 e5
2.Ng1f3 Nb8c6
3.Bf1b5 a6
4.Bb5xc6 bxc6
5.Nf3xe5 Bf8c5
6.d4 Bc5b6
7.Qd1f3 Ng8f6
8.Bc1g5 Bb6xd4
9.c3 Bd4xe5
10.O-O Bc8b7
11.Rf1e1 O-O
12.Nb1d2 c5
13.Nd2c4 Rf8e8
14.Nc4xe5 Re8xe5
15.c4 d6
16.Ra1d1 Re5xg5
17.h4 Rg5g4
18.Qf3h3 Bb7c8
19.Qh3f3 Bc8e6
20.e5 Nf6d7
21.exd6 cxd6
22.Rd1xd6 Rg4xc4
23.Qf3d3 Ra8a7
24.Rd6xe6 Rc4d4
25.Re6e8 Qd8xe8
26.Re1xe8 Nd7f8
27.Qd3g3 Ra7d7
28.Qg3b8 Rd4d1
29.Kh2 h6
30.Re8xf8 Kh7
31.Qb8f4 Rd1d4
32.Qf4f5 g6
33.Qf5f6 Rd4d6
34.Qf6h8 { resign }
1-0

[Event "Match"]
[Site "www.echecsemail.com"]
[Date "2019.01.15"]
[Round "1"]
[White "Gimmyg"]
[Black "Huskarls"]
[WhiteElo "2620"]
[BlackElo "1809"]
[Result "1-0"]
[Round "1"]
1.Nb1c3 e6
2.e4 d5
3.exd5 exd5
4.d4 c6
5.Bf1d3 Bf8d6
6.Ng1f3 Ng8e7
7.O-O Bc8g4
8.h3 Bg4h5
9.Rf1e1 Nb8d7
10.Qd1e2 f6
11.Bd3f5  { time }
1-0

[Event "Tourn. n10024"]
[Site "www.echecsemail.com"]
[Date "2019.01.15"]
[Round "1"]
[White "Sorim"]
[Black "Bira47"]
[WhiteElo "2080"]
[BlackElo "2040"]
[Result "1-0"]
[Round "1"]
1.e4 c5
2.Ng1f3 e6
3.d4 cxd4
4.Nf3xd4 a6
5.Nb1c3 b5
6.Bf1d3 Bc8b7
7.O-O h6
8.Rf1e1 Ng8f6
9.e5 Nf6d5
10.Nc3e4 Bf8e7
11.Qd1g4 g6
12.Ne4d6 Be7xd6
13.exd6 Qd8f6
14.Re1e3 Nd5xe3
15.Bc1xe3 Nb8c6
16.Nd4xc6 Bb7xc6
17.Be3d4 e5
18.Ra1e1 O-O-O
19.Bd4xe5 Rh8e8
20.Be5xf6 Re8xe1
21.Bd3f1 Rd8e8
22.Bf6c3 Re1c1
23.Qg4d4 Kb7
24.Bc3a5  { time }
1-0

[Event "Tourn. n10013"]
[Site "www.echecsemail.com"]
[Date "2019.01.15"]
[Round "1"]
[White "Dougbeer"]
[Black "Tartan"]
[WhiteElo "2460"]
[BlackElo "2550"]
[Result "1-0"]
[Round "1"]
1.e4 e6
2.d4 d5
3.Nb1c3 Ng8f6
4.e5 Nf6d7
5.Qd1h5 c5
6.Ng1f3 cxd4
7.Nf3xd4 g6
8.Qh5g4 Nd7xe5
9.Qg4g3 Bf8g7
10.Bc1f4 Nb8c6
11.Nd4xc6 Ne5xc6
12.Bf4c7 Qd8f6
13.Bc7d6 e5
14.Bd6c5 Bc8e6
15.O-O-O O-O-O
16.Bf1b5 a6
17.Bb5xc6 bxc6
18.h4 Qf6f4
19.Qg3xf4 exf4
20.Bc5d4 f6
21.Nc3a4 Be6f5
22.Rd1e1 Rd8e8
23.Na4c5 h5
24.b4 Rh8f8
25.Kd2 Rf8h8
26.f3 a5
27.bxa5 Kc7
28.a6 Kd6
29.Re1xe8 Rh8xe8
30.Rh1b1 Re8a8
31.Rb1b7 { resign }
1-0

[Event "Tourn. n10020"]
[Site "www.echecsemail.com"]
[Date "2019.01.15"]
[Round "1"]
[White "Tonino1"]
[Black "Zack1984"]
[WhiteElo "2340"]
[BlackElo "2220"]
[Result "0-1"]
[Round "1"]
1.d4 f5
2.Ng1f3 Ng8f6
3.e3 e6
4.Bf1d3 b6
5.Nb1d2 Bc8b7
6.O-O Bf8d6
7.c3 O-O
8.Qd1e2 Nf6e4
9.Nd2c4 Bd6e7
10.Qe2c2 c5
11.Nc4d2 d5
12.Nf3e5 Nb8d7
13.f4 Nd7xe5
14.fxe5 a6
15.Rf1f3 b5
16.Nd2f1 b4
17.Bd3xe4 dxe4
18.Rf3f2 a5
19.Bc1d2 Qd8b6
20.Ra1d1 Ra8c8
21.Bd2e1 cxd4
22.exd4 f4
23.c4 e3
24.Rf2e2 Rc8d8
25.c5 Qb6b5
26.Qc2d3 Qb5xd3
27.Rd1xd3 Bb7a6
 { time }
0-1

[Event "Match"]
[Site "www.echecsemail.com"]
[Date "2019.01.15"]
[Round "1"]
[White "Sonny1000"]
[Black "Eeze"]
[WhiteElo "1560"]
[BlackElo "1830"]
[Result "0-1"]
[Round "1"]
1.a4 e5
2.e4 d5
3.Nb1c3 Ng8f6
4.Nc3xd5 Nf6xd5
5.exd5 Qd8xd5
6.Qd1h5 Bf8d6
7.Ng1f3 Qd5e4
8.Kd1 Bc8g4
9.Qh5h4 Bg4xf3
10.Bf1e2 Qe4xe2
{ resign }
0-1

[Event "Match"]
[Site "www.echecsemail.com"]
[Date "2019.01.15"]
[Round "1"]
[White "Tbsundar"]
[Black "Aiko1603"]
[WhiteElo "2060"]
[BlackElo "2150"]
[Result "1/2-1/2"]
[Round "1"]
1.d4 Ng8f6
2.c4 e6
3.Ng1f3 d5
4.e3 c5
5.Nb1d2 Nb8c6
6.Bf1e2 cxd4
7.exd4 Bf8b4
8.a3 Bb4xd2
9.Bc1xd2 O-O
10.O-O a6
11.Ra1c1 dxc4
12.Rc1xc4 Nc6e7
13.Bd2b4 Rf8e8
14.Qd1c2 Ne7d5
15.Bb4d2 b5
16.Rc4c5 Bc8b7
17.Nf3e5 h6
18.Be2d3 Ra8c8
19.b4 Re8e7
20.Rf1c1 { draw }
1/2-1/2

[Event "Tourn. n9934"]
[Site "www.echecsemail.com"]
[Date "2019.01.15"]
[Round "1"]
[White "Tartan"]
[Black "Piriot"]
[WhiteElo "2600"]
[BlackElo "2370"]
[Result "1-0"]
[Round "1"]
1.d4 d6
2.e4 g6
3.c4 Bf8g7
4.Nb1c3 Ng8f6
5.Ng1f3 O-O
6.Bf1e2 e5
7.Bc1e3 Nf6g4
8.Be3g5 f6
9.Bg5h4 g5
10.Bh4g3 Ng4h6
11.c5 g4
12.Nf3h4 Nb8c6
13.cxd6 cxd6
14.dxe5 dxe5
15.Be2c4 Kh8
16.O-O Nc6d4
17.Nc3e2 Bc8e6
18.Bc4xe6 Nd4xe6
19.Qd1b3 Ne6c5
20.Qb3c2 Ra8c8
21.Ne2c3 Qd8d3
22.Qc2xd3 Nc5xd3
23.Nc3d5 Rc8c2
24.b3 Rf8c8
25.Nd5e3 Rc2c1
26.Ne3c4 Rc1xf1
27.Kxf1 Nd3b4
28.f3 Nb4c2
29.Ra1d1 Nc2d4
30.Bg3f2 Rc8d8
31.Nc4e3 gxf3
32.Nh4xf3 Nh6f7
33.Nf3xd4 Rd8xd4
34.Rd1xd4 exd4
35.Ne3f5 Nf7g5
36.Bf2xd4 Ng5xe4
37.Bd4xa7 Bg7f8
38.Ba7d4 Kg8
39.Ke2 Kf7
40.Ke3 Ne4g5
41.h4 Ng5e6
42.g4 Bf8a3
43.Bd4c3 b6
44.Nf5d4 Ne6c5
45.Nd4e2 Nc5d7
46.Ke4 Ba3c5
47.h5 Bc5f8
48.Kf5 Bf8h6
49.Ne2g3 Nd7c5
50.Ng3e4 { resign }
1-0

[Event "Match"]
[Site "www.echecsemail.com"]
[Date "2019.01.15"]
[Round "1"]
[White "Tbsundar"]
[Black "Pinehill"]
[WhiteElo "1940"]
[BlackElo "2090"]
[Result "1-0"]
[Round "1"]
1.d4 Ng8f6
2.c4 e6
3.Ng1f3 Bf8b4
4.Bc1d2 Qd8e7
5.a3 Bb4xd2
6.Nb1xd2 d5
7.e3 c5
8.dxc5 Qe7xc5
9.b4 Qc5c7
10.Ra1c1 O-O
11.cxd5 Nf6xd5
12.Rc1xc7 Nd5xc7
13.Nd2e4 Nb8c6
14.Bf1e2 Nc7d5
15.O-O a6
16.Qd1a1 f5
17.Ne4c5 h6
18.Rf1c1 g5
19.Nf3e5 Nc6xe5
20.Qa1xe5 Rf8f6
21.Be2f3 Rf6g6
22.Nc5xe6 Bc8xe6
23.Bf3xd5 Be6xd5
24.Qe5xd5 Kh8
25.Rc1c7  { time }
1-0

[Event "Tourn. n10049"]
[Site "www.echecsemail.com"]
[Date "2019.01.15"]
[Round "1"]
[White "Fantomas"]
[Black "Fegatux"]
[WhiteElo "2190"]
[BlackElo "2220"]
[Result "1/2-1/2"]
[Round "1"]
1.e4 c5
2.Ng1f3 Nb8c6
3.Nb1c3 d6
4.d4 cxd4
5.Nf3xd4 e5
6.Nd4b3 Ng8f6
7.Bf1c4 a6
8.a4 Bf8e7
9.h3 O-O
10.O-O Nc6a5
11.Nb3xa5 Qd8xa5
12.Nc3d5 Nf6xd5
13.Bc4xd5 Qa5c7
14.Bc1e3 a5
15.c3 Kh8
16.Qd1b3 f5
17.Be3b6 Qc7d7
18.Qb3b5 fxe4
19.Bd5xe4 Qd7xb5
20.axb5 a4
21.Be4c2 Rf8f4
22.Bb6e3 Rf4h4
23.Bc2d3 d5
24.f4 exf4
25.Be3xf4 Bc8d7
26.Bf4e5 Be7c5
27.Kh2 Kg8
28.Be5g3 Rh4h6
29.Rf1f4 a3
30.bxa3 Ra8xa3
31.Ra1xa3 { draw }
1/2-1/2

[Event "Tourn. n10034"]
[Site "www.echecsemail.com"]
[Date "2019.01.15"]
[Round "1"]
[White "Orhany24"]
[Black "Coolant"]
[WhiteElo "2040"]
[BlackElo "2260"]
[Result "0-1"]
[Round "1"]
1.e4 c5
2.Ng1f3 e6
3.d4 cxd4
4.Nf3xd4 a6
5.c4 Bf8c5
6.Bc1e3 Qd8b6
7.Qd1d2 Nb8c6
8.Nd4xc6 Bc5xe3
9.fxe3 dxc6
10.Nb1c3 e5
11.Bf1e2 Bc8e6
12.b3 Ra8d8
13.Qd2c2 Ng8f6
14.O-O Qb6xe3
15.Kh1 Rd8d2
{ resign }
0-1

[Event "Match"]
[Site "www.echecsemail.com"]
[Date "2019.01.15"]
[Round "1"]
[White "Estonia"]
[Black "Tbsundar"]
[WhiteElo "2010"]
[BlackElo "2060"]
[Result "1/2-1/2"]
[Round "1"]
1.d4 d5
2.c4 c6
3.Bc1f4 e6
4.e3 Ng8f6
5.Nb1c3 Bf8d6
6.Bf4g5 Nb8d7
7.Ng1f3 Qd8b6
8.Qd1b3 Bd6b4
9.c5 Qb6a5
10.Bf1d3 Nf6e4
11.Bd3xe4 dxe4
12.Nf3d2 Bb4xc3
13.bxc3 O-O
14.O-O b6
15.cxb6 axb6
16.a4 Bc8a6
17.Rf1c1 Ba6d3
18.Bg5e7 Rf8e8
19.Be7b4 Qa5a6
20.f3 c5
21.dxc5 bxc5
22.Bb4a3 Re8b8
23.Qb3d1 Qa6xa4
24.fxe4 Qa4xd1
25.Rc1xd1 Ra8a6
26.Nd2f3 c4
27.Ba3e7 Ra6xa1
28.Rd1xa1 Rb8b1
{ draw }
1/2-1/2

[Event "Tourn. n10027"]
[Site "www.echecsemail.com"]
[Date "2019.01.15"]
[Round "1"]
[White "Bojan"]
[Black "Cemaah"]
[WhiteElo "2030"]
[BlackElo "2270"]
[Result "0-1"]
[Round "1"]
1.e4 c5
2.Ng1f3 d6
3.d4 cxd4
4.Nf3xd4 Ng8f6
5.f3 a6
6.Bf1d3 e5
7.Nd4f5 Bc8e6
8.O-O Be6xf5
9.exf5 Bf8e7
10.Nb1d2 Nb8c6
11.c3 Qd8c7
12.Nd2e4 Ra8d8
13.Qd1e1 d5
14.Ne4xf6 gxf6
15.Bc1h6 Rh8g8
16.b3 Nc6a5
17.Rf1f2 Be7c5
18.Bh6e3 Bc5xe3
19.Qe1xe3 Na5c6
20.f4 Qc7e7
21.Rf2e2 d4
22.cxd4 Nc6xd4
23.Re2e1 Nd4c6
24.Bd3e4 Nc6d4
25.Ra1c1 Rg8g4
26.h3 Rg4xf4
27.g3 Rf4xf5
28.Be4xf5 Nd4xf5
29.Qe3f2 Nf5d4
30.Re1e3 Kf8
31.Re3c3 Kg7
32.Kg2 Qe7e6
33.Rc3c7 Qe6d5
34.Kf1 Qd5h1
35.Qf2g1 Qh1xg1
36.Kxg1 Nd4e2
37.Kf1 Ne2xc1
38.Rc7xc1 Rd8d7
39.Rc1c2 f5
40.Ke2 Kf6
41.a4 Ke6
42.Ke3 f6
43.a5 h5
44.Rc2c3 Rd7g7
45.Kf3 Kd5
46.Rc3c4 e4
47.Kf4 Rg7e7
48.Ke3 h4
49.Rc4d4 Ke5
50.gxh4 f4
{ resign }
0-1

[Event "Tourn. n10016"]
[Site "www.echecsemail.com"]
[Date "2019.01.15"]
[Round "1"]
[White "Roque1"]
[Black "Apdash"]
[WhiteElo "2020"]
[BlackElo "2300"]
[Result "0-1"]
[Round "1"]
1.e4 c5
2.Ng1f3 d6
3.d4 cxd4
4.Nf3xd4 Ng8f6
5.Nb1c3 e5
6.Nd4b3 Bf8e7
7.Bf1e2 Nb8c6
8.O-O O-O
9.Bc1e3 Bc8e6
10.Qd1d2 a6
11.f4 b5
12.Rf1f2 Be6g4
13.Ra1f1 b4
14.Nc3d5 Nf6xe4
15.Nd5xe7 Qd8xe7
16.Qd2d3 Ne4xf2
17.Rf1xf2 Bg4xe2
18.Rf2xe2 a5
19.Nb3d2 Qe7e6
20.b3 f5
21.Nd2c4 Rf8d8
22.Kf1 { time. }
0-1

[Event "Tourn. n10016"]
[Site "www.echecsemail.com"]
[Date "2019.01.15"]
[Round "1"]
[White "Coolant"]
[Black "Roque1"]
[WhiteElo "2290"]
[BlackElo "2020"]
[Result "1-0"]
[Round "1"]
1.c4 e6
2.Nb1c3 Bf8b4
3.Qd1b3 Nb8c6
4.Ng1f3 Ng8f6
5.a3 Bb4a5
6.Qb3c2 O-O
7.b4 Ba5xb4
8.axb4 Nc6xb4
9.Qc2b3 c5
10.d4 d6
11.Bc1g5 Bc8d7
12.e4 Qd8c7
13.Bg5xf6 gxf6
14.Bf1e2 Kh8
15.O-O Rf8g8
16.Rf1d1 Rg8g4
17.dxc5 Qc7xc5
18.Nf3d4 Rg4h4
19.Nd4b5 Rh4f4
20.Rd1f1 Ra8g8
21.Ra1xa7 Bd7c6
22.Qb3b2 Bc6xe4
23.Nc3xe4 Rg8g6
24.Ne4xc5 dxc5
25.Ra7xb7 { resign }
1-0

[Event "Tourn. n10016"]
[Site "www.echecsemail.com"]
[Date "2019.01.16"]
[Round "1"]
[White "Apdash"]
[Black "Cemaah"]
[WhiteElo "2300"]
[BlackElo "2099"]
[Result "0-1"]
[Round "1"]
1.e4 c5
2.Ng1f3 d6
3.d4 cxd4
4.Nf3xd4 Ng8f6
5.Nb1c3 a6
6.Bf1c4 e6
7.Bc1g5 b5
8.Bc4b3 Bf8e7
9.O-O O-O
10.Qd1d3 Nb8d7
11.Nd4c6 Qd8e8
12.Ra1d1 Nd7c5
13.Nc6xe7 Qe8xe7
14.Bg5xf6 Qe7xf6
15.Qd3xd6 Nc5xb3
16.axb3 Bc8b7
17.f4 Rf8d8
18.Qd6c7 Rd8b8
19.Rd1d7 b4
20.Nc3a4 Bb7xe4
21.Na4b6 Rb8b7
22.Qc7c5 Rb7xd7
23.Nb6xd7 Qf6xb2
24.Qc5xb4 Qb2xc2
25.Rf1f2 Qc2d1
26.Rf2f1 Qd1xd7
27.Qb4xe4 Ra8b8
28.Qe4c4 Qd7b5
29.Qc4xb5 Rb8xb5
30.Rf1f3 Kf8
31.Kf2 Ke7
32.g4 h6
33.h4 Rb5b4
34.h5 f6
35.Kg3 a5
36.Rf3d3 Rb4b6
37.Kf3 Rb6d6
38.Rd3c3 Kd7
39.Ke3 Rd6d1
40.Ke4 Rd1d5
41.Rc3c4 f5
42.gxf5 Rd5xf5
43.b4 Rf5xh5
44.bxa5 Rh5xa5
45.Kf3 Ke7
46.Kg4 Kf6
47.Rc4e4 Ra5a1
48.Re4e5 g5
49.Re5e4 Ra1g1
50.Kf3 Rg1f1
51.Kg4 Rf1xf4
52.Re4xf4 gxf4
53.Kxf4 h5
54.Ke4 e5
55.Kf3 Kf5
56.Ke3 h4
57.Kf3 e4
58.Ke3 h3
59.Kf2 Kf4
60.Kg1 e3
61.Kf1 Kf3
62.Kg1 e2
63.Kh2 e1Q
{ resign }
0-1

[Event "Match"]
[Site "www.echecsemail.com"]
[Date "2019.01.16"]
[Round "1"]
[White "Tonino1"]
[Black "Greghghs"]
[WhiteElo "2240"]
[BlackElo "2490"]
[Result "0-1"]
[Round "1"]
1.d4 Ng8f6
2.Ng1f3 g6
3.e3 Bf8g7
4.Bf1d3 O-O
5.Nb1d2 c5
6.c3 b6
7.Qd1e2 Bc8b7
8.e4 cxd4
9.cxd4 Nb8c6
10.a3 d6
11.b3 Ra8c8
12.Bc1b2 Nf6h5
13.g3 d5
14.e5 f6
15.O-O Qd8d7
16.Ra1c1 Bg7h6
17.Rc1c2 Qd7g4
18.Kh1 fxe5
19.dxe5 Nh5g7
20.Kg2 Ng7e6
21.h3 Ne6f4
22.Kh2 Qg4xh3
 { time }
0-1

[Event "Tourn. n10025"]
[Site "www.echecsemail.com"]
[Date "2019.01.16"]
[Round "1"]
[White "Passaroa25"]
[Black "Osopanda"]
[WhiteElo "1730"]
[BlackElo "1680"]
[Result "1-0"]
[Round "1"]
1.Nb1c3 e5
2.e4 c6
3.d3 Ng8f6
4.f3 d5
5.Bc1d2 Bf8b4
6.Ng1e2 Nb8d7
7.Ne2g3 O-O
8.Bf1e2 dxe4
9.dxe4 Qd8e7
10.a3 Rf8d8
11.axb4 Nd7b6
12.b3 Bc8e6
13.O-O  { time }
1-0

[Event "Match"]
[Site "www.echecsemail.com"]
[Date "2019.01.16"]
[Round "1"]
[White "Ditto"]
[Black "Tbsundar"]
[WhiteElo "1920"]
[BlackElo "1970"]
[Result "0-1"]
[Round "1"]
1.e4 e5
2.Ng1f3 Nb8c6
3.Bf1c4 Bf8c5
4.d3 Ng8f6
5.Bc1g5 h6
6.Bg5d2 a6
7.a3 d6
8.c3 Bc8g4
9.h3 Bg4h5
10.b4 Bc5a7
11.Qd1b3 O-O
12.Nf3h4 Nf6xe4
13.dxe4 Qd8xh4
14.O-O Qh4xe4
15.Bc4d5 Qe4d3
16.Qb3a4 Qd3xd5
17.Qa4c2 Bh5g6
18.Qc2d1 Bg6e4
19.Qd1g4 f5
20.Qg4g6 Rf8f6
21.Qg6h5 Be4xb1
22.Ra1xb1 Qd5xd2
23.Rb1c1 Ba7xf2
24.Kh1 e4
25.a4 e3
26.Rf1d1 Qd2b2
27.Qh5f3 Ra8e8
28.Rc1b1 Qb2xc3
29.Rd1f1 Qc3e5
30.Qf3e2 Nc6d4
31.Qe2c4 d5
32.Qc4d3 Qe5f4
33.Rb1c1 e2
{ resign }
0-1

[Event "Match"]
[Site "www.echecsemail.com"]
[Date "2019.01.16"]
[Round "1"]
[White "Apdash"]
[Black "Witpar"]
[WhiteElo "2320"]
[BlackElo "2750"]
[Result "0-1"]
[Round "1"]
1.e4 c5
2.Ng1f3 e6
3.d4 cxd4
4.Nf3xd4 a6
5.Nb1c3 Qd8c7
6.a3 Ng8f6
7.Bc1g5 Bf8e7
8.Bf1d3 O-O
9.O-O Nb8c6
10.Nd4b3 b5
11.Rf1e1 Nc6e5
12.f4 Qc7b6
13.Kh1 Nf6g4
14.Re1f1 Be7xg5
15.fxe5 Ng4f2
16.Rf1xf2 Qb6xf2
17.Qd1g4 Qf2f4
18.Qg4h3 Qf4xe5
19.Ra1d1 d6
20.Nb3d2 Bg5xd2
21.Rd1xd2 Bc8d7
22.Qh3f3 a5
23.Rd2d1 b4
24.axb4 axb4
25.Nc3b1 Qe5xb2
26.e5 Ra8a1
27.Nb1d2 Bd7c6
28.Qf3h5 g6
29.Qh5e2 Ra1xd1
30.Qe2xd1 Rf8a8
31.Nd2f1 b3
32.Qd1e2 Ra8a2
33.exd6 Qb2f6
34.h3 b2
35.Nf1d2 Ra2a1
36.Nd2f1 b1Q
{ resign }
0-1

[Event "Match"]
[Site "www.echecsemail.com"]
[Date "2019.01.16"]
[Round "1"]
[White "Liencam2"]
[Black "Apdash"]
[WhiteElo "2370"]
[BlackElo "2330"]
[Result "1-0"]
[Round "1"]
1.e4 e5
2.Ng1f3 Nb8c6
3.d4 exd4
4.c3 dxc3
5.Bf1c4 Bf8e7
6.Qd1d5 Ng8h6
7.Bc1xh6 O-O
8.Bh6xg7 Kxg7
9.Nb1xc3 Nc6b4
10.Qd5d2 d6
11.h3 f5
12.a3 fxe4
13.Nc3xe4 Bc8f5
14.Nf3d4 Qd8d7
15.Ne4g3 d5
16.Bc4b3 Nb4d3
17.Ke2 Bf5g6
18.Nd4f3 Ra8e8
19.Kf1 Be7f6
20.Ra1b1 Nd3xf2
21.Kxf2 d4
22.Rb1e1 Qd7d6
23.Re1xe8 Rf8xe8
24.Rh1e1 Re8f8
25.Re1e6 Qd6c5
26.Ng3e4 Bf6h4
27.Kg1 Bg6xe4
28.Re6xe4 Bh4f6
29.Kh1 Qc5d6
30.Nf3g5 Bf6xg5
31.Qd2xg5 Kh8
32.Bb3c4 h6
33.Qg5e5 Qd6xe5
34.Re4xe5 b6
35.Re5d5 c5
36.Rd5d7 Rf8f2
37.b3 Rf2b2
38.a4 a6
39.Rd7b7 d3
40.Bc4xd3 Rb2xb3
41.Bd3xa6 Rb3b4
42.Ba6b5 c4
43.Rb7c7 Rb4b1
44.Kh2 Rb1c1
45.Rc7xc4 Rc1e1
46.Rc4c6 Kg7
47.Rc6xb6 Re1a1
48.Rb6e6 h5
49.Kg3 Ra1a2
50.Bb5c6 Ra2c2
51.Bc6b5 Rc2d2
52.a5 Rd2d5
53.Re6b6 Rd5c5
54.a6 Rc5c8
55.Bb5c6 Rc8d8
56.a7 { resign }
1-0

[Event "Match"]
[Site "www.echecsemail.com"]
[Date "2019.01.16"]
[Round "1"]
[White "Huskarls"]
[Black "Guidom"]
[WhiteElo "1809"]
[BlackElo "2100"]
[Result "0-1"]
[Round "1"]
1.e4 e5
2.Ng1f3 Nb8c6
3.Bf1b5 a6
4.Bb5a4 Ng8f6
5.d3 d6
6.c3 Bc8g4
7.h3 Bg4h5
8.Nb1d2 Bf8e7
9.Nd2f1 b5
10.Ba4c2 Qd8d7
11.Nf1g3 Bh5g6
12.O-O O-O
13.Qd1e2 Nf6h5
 { time }
0-1

[Event "Tourn. n9980"]
[Site "www.echecsemail.com"]
[Date "2019.01.16"]
[Round "1"]
[White "Amaya"]
[Black "Roque1"]
[WhiteElo "2100"]
[BlackElo "1960"]
[Result "1-0"]
[Round "1"]
1.d4 d5
2.e3 Ng8f6
3.Bf1d3 Bc8g4
4.f3 Bg4d7
5.f4 Nb8c6
6.c3 e6
7.Ng1f3 Bf8d6
8.O-O Qd8e7
9.Nb1d2 O-O-O
10.Nf3e5 h5
11.a3 Nf6h7
12.Qd1xh5 g6
13.Qh5h6 Nh7f6
14.Qh6g5 Rh8h5
15.Qg5g3 Rd8h8
16.h3 Nf6h7
17.Qg3f3 Nh7f8
18.c4 f6
19.Ne5xd7 Kxd7
20.c5 Bd6xf4
21.Qf3xf4 f5
22.Bd3b5 g5
23.Qf4f2 g4
24.Bb5e2 Qe7g5
25.Qf2f4 gxh3
26.Qf4xg5 Rh5xg5
27.Be2f3 Nf8g6
28.Rf1f2 Ng6h4
29.Kh2 Nh4xg2
30.Nd2f1 Ng2e1
31.Nf1g3 Rh8g8
32.Ng3f1 Ne1xf3
33.Rf2xf3 Rg5h5
34.Rf3xh3 Rh5g5
35.Rh3g3 Rg8h8
36.Kg2 Rg5h5
37.Bc1d2 f4
38.Rg3g4 Nc6e7
39.exf4 Ne7f5
40.Rg4g5 Rh5h1
41.b4  { time }
1-0

[Event "Match"]
[Site "www.echecsemail.com"]
[Date "2019.01.16"]
[Round "1"]
[White "Nevaeh"]
[Black "Liencam2"]
[WhiteElo "2349"]
[BlackElo "2300"]
[Result "1-0"]
[Round "1"]
1.d4 Ng8f6
2.c4 d6
3.Ng1f3 g6
4.Nb1c3 Bc8f5
5.Nf3g5 Bf8g7
6.e4 Bf5g4
7.f3 Bg4d7
8.f4 e5
9.fxe5 dxe5
10.d5 c6
11.Bf1e2 O-O
12.O-O Nb8a6
13.Bc1e3 b6
14.Ra1c1 Ra8c8
15.Kh1 Nf6e8
16.dxc6 Bd7xc6
17.Qd1xd8 Rc8xd8
18.Nc3d5 Rd8d7
19.Be2g4 Rd7b7
20.Bg4c8 Ne8d6
21.Bc8xb7 Bc6xb7
22.Nd5e7 Kh8
23.Rc1d1 { resign }
1-0

[Event "Match"]
[Site "www.echecsemail.com"]
[Date "2019.01.16"]
[Round "1"]
[White "Calponas"]
[Black "Huskarls"]
[WhiteElo "2030"]
[BlackElo "1809"]
[Result "1-0"]
[Round "1"]
1.e4 e6
2.d4 d5
3.Nb1c3 Bf8b4
4.e5 Ng8e7
5.a3 Bb4xc3
6.bxc3 c5
7.Qd1g4 Qd8c7
8.Qg4xg7 Rh8g8
9.Qg7xh7 cxd4
10.Ng1e2  { time }
1-0

[Event "Tourn. n9974"]
[Site "www.echecsemail.com"]
[Date "2019.01.16"]
[Round "1"]
[White "Libiesse"]
[Black "Osopanda"]
[WhiteElo "1930"]
[BlackElo "1840"]
[Result "1-0"]
[Round "1"]
1.d4 d5
2.c4 c6
3.cxd5 cxd5
4.Ng1f3 Nb8c6
5.Nb1c3 e6
6.e4 dxe4
7.Nc3xe4 Ng8f6
8.Bc1g5 Bf8e7
9.Ne4xf6 Be7xf6
10.Bg5e3 O-O
11.Ra1c1 Rf8e8
12.a3 Qd8c7
13.Bf1d3 e5
14.dxe5 Qc7a5
15.Be3d2 Qa5b6
16.O-O Nc6xe5
17.Nf3xe5 Re8xe5
18.Qd1c2 Bc8e6
19.Bd2e3 Re5xe3
20.fxe3 Qb6xe3
21.Kh1 Qe3h6
22.Qc2c7  { time }
1-0

[Event "Tourn. n10034"]
[Site "www.echecsemail.com"]
[Date "2019.01.16"]
[Round "1"]
[White "Fantomas"]
[Black "Coolant"]
[WhiteElo "2180"]
[BlackElo "2260"]
[Result "0-1"]
[Round "1"]
1.e4 c5
2.Ng1f3 e6
3.Bf1e2 Nb8c6
4.O-O Ng8f6
5.Nb1c3 d5
6.exd5 exd5
7.d4 c4
8.h3 Bf8d6
9.Rf1e1 O-O
10.Be2f1 h6
11.Bc1e3 Bc8f5
12.a3 Rf8e8
13.Qd1c1 Kh7
14.Qc1d2 a6
15.Ra1c1 Qd8c7
16.Nc3e2 Nf6e4
17.Qd2d1 Re8e7
18.Nf3d2 c3
19.Ne2xc3 Ne4xc3
20.bxc3 Bd6xa3
21.Rc1b1 b5
22.Rb1b3 Ba3d6
23.Nd2f3 Nc6a5
24.Rb3b1 Qc7xc3
25.Be3d2 Qc3c7
26.Rb1b2 Na5c4
27.Rb2a2 a5
28.Re1xe7 Bd6xe7
29.Bd2e1 Be7f6
30.Bf1d3 Bf5xd3
31.Qd1xd3 g6
32.Qd3b3 Qc7b6
33.c3 Ra8e8
34.Kf1 a4
35.Qb3b1 a3
36.Nf3d2 Nc4xd2
37.Ra2xd2 Qb6a6
38.Kg1 Re8a8
39.Rd2a2 Qa6a4
40.Be1d2 Kg7
41.Bd2c1 Bf6e7
42.Bc1b2 b4
{ resign }
0-1

[Event "Match"]
[Site "www.echecsemail.com"]
[Date "2019.01.16"]
[Round "1"]
[White "Fegatux"]
[Black "Comrade"]
[WhiteElo "2130"]
[BlackElo "2250"]
[Result "0-1"]
[Round "1"]
1.c4 Ng8f6
2.Nb1c3 g6
3.g3 c5
4.Bf1g2 Nb8c6
5.Ng1f3 Bf8g7
6.O-O O-O
7.d3 e6
8.Ra1b1 d5
9.cxd5 exd5
10.Bc1g5 h6
11.Bg5f4 g5
12.Bf4d2 Rf8e8
13.a3 Bc8f5
14.b4 c4
15.b5 cxd3
16.e3 Nc6a5
17.h3 Na5c4
18.a4 Nf6e4
19.Nc3xe4 dxe4
20.Nf3d4 Bg7xd4
21.exd4 Qd8xd4
22.Qd1c1 Nc4xd2
23.Qc1xd2 Ra8c8
24.Qd2e3 Qd4xe3
25.fxe3 Bf5g6
26.g4 Rc8c2
27.Rf1f2 Rc2xf2
28.Kxf2 Re8c8
29.Ke1 Rc8c2
30.Bg2f1 f5
31.Rb1d1 f4
{ resign }
0-1